00361nam a2200097Ia 45000010005000000080041000050820033000461000084000792450076001632600024002394627241024s9999 xx 000 0 und d aRD/352.09793/C755m/2015-2016 aConsejo del Plan Estratégivo de Desarrollo de la Provincia Espaillat (PEDEPE) 0aMemoria 2015-2016. Diez años sembrando Sueños, Cosechando esperanza bSanto Domingoc2016